Vybrané prechodné a poruchové deje vo VN distribučnej sieti so zameraním sa na poruchu spôsobenú prerušením fázy : dátum obhajoby 23.6.2022

Gespeichert in:
Bibliographische Detailangaben
1. Verfasser: Škumát, Tomáš (Verfasst von)
Weitere Verfasser: Eleschová, Žaneta (Betreuung Doktorarbeit)
Format: Manuskript Buch
Sprache:Slowakisch
Veröffentlicht: Bratislava : STU v Bratislave FEI, 2022
Schlagworte:
Online-Zugang:https://opac.crzp.sk/?fn=detailBiblioFormChildGMH4U&sid=CCC58BA4FA4903AAF22853375785&seo=CRZP-detail-kniha
Tags: Tag hinzufügen
Keine Tags, Fügen Sie das erste Tag hinzu!

MARC

LEADER 00000ntm a22000003a 4500
001 stuzp66056
003 SK-STU
005 20231106132631.4
007 ta
008 150427s2015----xo-----f-mn---000-0-slo-d
040 |a STU  |b slo 
041 0 |a slo 
044 |a xo 
100 1 |a Škumát, Tomáš  |u 032000  |4 aut  |U FEI Fakulta elektrotechniky a informatiky  |T FEI Ústav elektroenergetiky a aplikovanej elektrotechniky  |X 6126  |U E020  |Y 548  |7 A000006126 
242 0 1 |a Selected Transient and Disturbance Events in Distribution Network focusing on Phase Interruption Fault  |y eng 
245 1 0 |a Vybrané prechodné a poruchové deje vo VN distribučnej sieti so zameraním sa na poruchu spôsobenú prerušením fázy :  |b dátum obhajoby 23.6.2022 
260 |a Bratislava :  |b STU v Bratislave FEI,  |c 2022 
300 |a 172 s.,  |b Autoref. 2022, 31 s. 
500 |a Len v elektronickej podobe 
650 4 |a prechodný a poruchový dej  |2 slo 
650 4 |a distribučná VN sieť  |2 slo 
650 4 |a nesymetria  |2 slo 
650 4 |a lokalizácia porúch  |2 slo 
650 4 |a inteligentné elektromery  |2 slo 
650 4 |a Transient and Fault Phenomena  |2 eng 
650 4 |a Distribution MV Grid  |2 eng 
650 4 |a Asymmetry  |2 eng 
650 4 |a Fault Localization  |2 eng 
650 4 |a Smart Meters  |2 eng 
700 1 |a Eleschová, Žaneta  |u 032000  |k Z1  |4 ths  |U FEI Fakulta elektrotechniky a informatiky  |T FEI Ústav elektroenergetiky a aplikovanej elektrotechniky  |X 1875  |U E020  |Y 548  |7 A000001875 
856 4 |u https://opac.crzp.sk/?fn=detailBiblioFormChildGMH4U&sid=CCC58BA4FA4903AAF22853375785&seo=CRZP-detail-kniha